Estatísticas para Países Aleatórios em um mapa das Américas

Clique aqui para jogar o quiz

Estatísticas Gerais

  • Esse quiz foi jogado 11 322 vezes
  • A pontuação média é 9 de 12

Respostas no mapa

Respostas codificadas por cores de uma escala verde-vermelha no mapa do quiz de acordo com a % correta abaixo.
 

Estatísticas das Respostas

País% Correto
Canadá
98%
Estados Unídos
98%
México
98%
Brasil
97%
Chile
97%
Argentina
94%
Equador
94%
Guiana
94%
Paraguai
94%
Uruguai
94%
Colombia
93%
Venezuela
93%
Bolívia
92%
Suriname
92%
Peru
91%
Cuba
89%
Panamá
89%
Honduras
75%
Haiti
73%
Bahamas
72%
Nicarágua
72%
Costa Rica
71%
Guatemala
71%
Jamaica
71%
El Salvador
69%
Belize
67%
República Dominicana
63%
Trinidad e Tobago
57%
Santa Lúcia
52%
Barbados
51%
São Vicente e
Granadinas
45%
Antígua e Barbuda
44%
Granada
44%
São Cristóvão
e Nevis
43%
Domínica
42%

Distribuição das Pontuações

Percentil de Números Respondidos

Porcentagem de Pessoas com Cada Pontuação

Sua Pontuação Histórica

Você não jogou esse quiz